Catalog

Record Details

Catalog Search



Available copies

  • 1 of 1 copy available at LARL/NWRL Consortium.

Current holds

0 current holds with 1 total copy.

Show Only Available Copies
Location Call Number / Copy Notes Barcode Shelving Location Status Due Date
Thief River Falls Public Library e BOY (BOARD BOOK) (Text) 35500004326169 Main Available -

Record details

  • ISBN: 9781481497725
  • ISBN: 9780375845192 :
  • ISBN: 0375845194 :
  • Physical Description: 1 v. (unpaged) : col. ill. ; 15 cm.
  • Edition: 1st ed.
  • Publisher: New York, NY : Robin Corey Books : c2008.

Content descriptions

General Note:
Cover title.
On board pages.
Summary, etc.:
A rhyming text about learning to dance is ... Read More
Subject: Swine > Juvenile fiction.
Dance > Juvenile fiction.
Genre: Board books.
LDR 01138cam a2200301Ia 4500
00196525
003LARL_NWRL_CONSORTIUM
00520180118175725.0
008071122s2008 nyua a 000 1 eng d
020 . ‡a9781481497725
020 . ‡a9780375845192 : ‡c$5.99
020 . ‡a0375845194 : ‡c$5.99
035 . ‡a(OCoLC)182528090
040 . ‡aBTCTA ‡cBTCTA ‡dBAKER ‡dOCP
092 . ‡a[E]
1001 . ‡aBoynton, Sandra. ‡0(LARL_NWRL_CONSORTIUM)53777
24510. ‡aLet's dance, Little Pookie / ‡cby Sandra Boynton.
2463 . ‡aLet us dance, Little Pookie
250 . ‡a1st ed.
260 . ‡aNew York, NY : ‡bRobin Corey Books : ‡bAn imprint of Random House Children's Books, ‡cc2008.
300 . ‡a1 v. (unpaged) : ‡bcol. ill. ; ‡c15 cm.
4900 . ‡aLittle Pookie
500 . ‡aCover title.
500 . ‡aOn board pages.
520 . ‡aA rhyming text about learning to dance is illustrated with Boynton's familiar pig characters.
650 0. ‡aSwine ‡vJuvenile fiction. ‡0(LARL_NWRL_CONSORTIUM)175370
650 0. ‡aDance ‡vJuvenile fiction. ‡0(LARL_NWRL_CONSORTIUM)171798
655 0. ‡aBoard books.
901 . ‡a96525 ‡bISxN ‡c96525 ‡tbiblio

Additional Resources